000 00692nam a2200265Ia 4500
003 OSt
005 20220924132004.0
006 a|||||r|||| 00| 0
007 ta
008 220923b |||||||| |||| 00| 0 tel d
020 _aRs
020 _cRs.6
024 _a340362
037 _cTextual
040 _aARTS
_cARTS
_btel
041 _2tel
_atel
082 _aV2:51.M9, 35K6
100 _aPadala Rama Rao Au.
_9203475
245 0 _aRaktha Deepalu
260 _aVijayawada-2
_bAnnapurna Publications India
_c1966
300 _a293p.
_ccm.
650 _aHISTORY
942 _hV2:51.M9, 35K6
_cTEXL
_2CC
999 _c428907
_d428907